Sports Quiz

Random Sports Quiz

Every PL scorer for Liverpool under Klopp Quiz Stats

 Plays Quiz not verified by Sporcle

Support Sporcle.
Go Orange.
Score 0/34 Timer 10:00
5 Plays Today
No. of goals Player % Correct
92Mo Salah
99.4%
71Sadio Mane
98.7%
63Roberto Firmino
98.2%
4Andrew Robertson
93.2%
10Virgil van Dijk
92.8%
19Divock Origi
91.3%
18James Milner
90.6%
8Trent Alexander-Arnold
90.3%
5Joel Matip
83.6%
5Dejan Lovren
83.5%
16Georginio Wijnaldum
82.5%
27Philippe Coutinho
82.2%
3Fabinho
79.9%
13Daniel Sturridge
77.4%
10Jordan Henderson
77.2%
7Alex Oxlade-Chamberlain
76.7%
13Adam Lallana
75.6%
No. of goals Player % Correct
7Xherdan Shaqiri
74.1%
8Diogo Jota
73.3%
4Naby Keita
71.7%
2Curtis Jones
67%
1Alberto Moreno
63.7%
7Christian Benteke
63.6%
1Nathaniel Clyne
58.7%
9Emre Can
46.9%
1Danny Ings
41%
1Takumi Minamino
38.1%
1Dominic Solanke
37%
1Ragnar Klavan
36.4%
1Mamadou Sakho
36%
1Martin Skrtel
33.6%
1Jordon Ibe
32.1%
2Joe Allen
27.5%
1Kolo Toure
21.5%

You're not logged in!

Compare scores with friends on all Sporcle quizzes.
OR
Log In

From the Vault

MLB All-Star Catchers (NL)

by ian2813

Major League catchers have the best seat in the house, except for the part where baseballs are always hitting them in the face.
Remove Ads.
Support Sporcle.
Get the best of Sporcle when you Go Orange. This ad-free experience offers more features, more stats, and more fun while also helping to support Sporcle. Thank you for becoming a member.

Show Comments

Extras

Created Apr 24, 2019ReportNominate
Tags:goal, Liverpool, Player, Scorer, Under

Top Quizzes Today


Score Distribution

Your Account Isn't Verified!

In order to create a playlist on Sporcle, you need to verify the email address you used during registration. Go to your Sporcle Settings to finish the process.

Report this User

Report this user for behavior that violates our Community Guidelines.

Details: